Loading...
| History - World History | 0 | 8 | 0 | 0 | 80 | 29 | 50.38 | 2 | 5 |
| History - European History | 0 | 6 | 0 | 0 | 60 | 33 | 56.17 | 3 | 5 |
| History - Other History | 0 | 5 | 0 | 2 | 50 | 54 | 89.40 | 1 | 2 |
| Social Science | 0 | 3 | 0 | 2 | 30 | 62 | 88.33 | 0 | 0 |
| History - American History | 0 | 2 | 0 | 0 | 20 | 62 | 75.00 | 0 | 1 |
| Science - Biology | 0 | 2 | 0 | 1 | 20 | 78 | 85.50 | 0 | 0 |
| Literature - European Literature | 0 | 1 | 0 | 0 | 10 | 94 | 94.00 | 0 | 0 |
| Fine Arts - Classical Music | 0 | 1 | 0 | 0 | 10 | 84 | 84.00 | 0 | 1 |
| Mythology | 0 | 1 | 0 | 0 | 10 | 78 | 78.00 | 0 | 0 |
| Religion | 0 | 1 | 0 | 0 | 10 | 59 | 59.00 | 0 | 1 |
| Philosophy | 0 | 1 | 1 | 0 | 5 | 52 | 52.00 | 0 | 1 |
| Geography | 0 | 1 | 1 | 0 | 5 | 108 | 108.00 | 0 | 0 |
| Science - Other Science | 0 | 0 | 1 | 0 | -5 | 0.00 | 0 | 0 |